Current Concepts of Intestinal Failure

This book provides readers with a succinct but comprehensive overview of current concepts relating to intestinal failure, including its treatment, with a particular focus on recent advancements. The opening chapters address basic aspects of intestinal failure, including etiology, clinical pathophysi...

Πλήρης περιγραφή

Λεπτομέρειες βιβλιογραφικής εγγραφής
Συγγραφή απο Οργανισμό/Αρχή: SpringerLink (Online service)
Άλλοι συγγραφείς: Rintala, Risto J. (Επιμελητής έκδοσης), Pakarinen, Mikko (Επιμελητής έκδοσης), Wester, Tomas (Επιμελητής έκδοσης)
Μορφή: Ηλεκτρονική πηγή Ηλ. βιβλίο
Γλώσσα:English
Έκδοση: Cham : Springer International Publishing : Imprint: Springer, 2016.
Θέματα:
Διαθέσιμο Online:Full Text via HEAL-Link
LEADER 03214nam a22005055i 4500
001 978-3-319-42551-1
003 DE-He213
005 20161024165243.0
007 cr nn 008mamaa
008 161024s2016 gw | s |||| 0|eng d
020 |a 9783319425511  |9 978-3-319-42551-1 
024 7 |a 10.1007/978-3-319-42551-1  |2 doi 
040 |d GrThAP 
050 4 |a RD137-139 
072 7 |a MNC  |2 bicssc 
072 7 |a MJW  |2 bicssc 
072 7 |a MED085000  |2 bisacsh 
072 7 |a MED069000  |2 bisacsh 
082 0 4 |a 617.98  |2 23 
245 1 0 |a Current Concepts of Intestinal Failure  |h [electronic resource] /  |c edited by Risto J. Rintala, Mikko Pakarinen, Tomas Wester. 
264 1 |a Cham :  |b Springer International Publishing :  |b Imprint: Springer,  |c 2016. 
300 |a VII, 163 p. 25 illus., 22 illus. in color.  |b online resource. 
336 |a text  |b txt  |2 rdacontent 
337 |a computer  |b c  |2 rdamedia 
338 |a online resource  |b cr  |2 rdacarrier 
347 |a text file  |b PDF  |2 rda 
505 0 |a Intestinal failure in children -- Short Bowel Syndrome-Intestinal Adaptation -- Bacterial Overgrowth and Intestinal Microbiome -- Intestinal failure-associated liver disease -- Recent Advances in Nutritional Care of Patients with Intestinal Failure -- Pharmacological improvement of bowel function and adaptation -- Modern Intestinal rehabilitation and outcomes -- Serial transverse enteroplasty -- Longitudinal intestinal lengthening -- Controlled tissue expansion -- Pediatric small bowel transplantation – an update -- Intestinal Regeneration -- distraction enterogenesis. 
520 |a This book provides readers with a succinct but comprehensive overview of current concepts relating to intestinal failure, including its treatment, with a particular focus on recent advancements. The opening chapters address basic aspects of intestinal failure, including etiology, clinical pathophysiology, physiology of intestinal adaptation, and intestinal microbiota. The complications of intestinal failure, such as bacterial overgrowth and intestinal failure-associated liver disease, are then discussed. A series of chapters specifically address important strategies in the nutritional, pharmacological, and surgical treatment of intestinal failure as well as the concept of intestinal rehabilitation. Finally, two significant emerging developments are considered: regenerative medicine and distraction enterogenesis. The authors are internationally recognized experts from Europe and North America who are ideally placed to describe current knowledge and progress in the field. 
650 0 |a Medicine. 
650 0 |a Abdominal surgery. 
650 0 |a Surgery. 
650 0 |a Pediatric surgery. 
650 1 4 |a Medicine & Public Health. 
650 2 4 |a Pediatric Surgery. 
650 2 4 |a Abdominal Surgery. 
650 2 4 |a General Surgery. 
700 1 |a Rintala, Risto J.  |e editor. 
700 1 |a Pakarinen, Mikko.  |e editor. 
700 1 |a Wester, Tomas.  |e editor. 
710 2 |a SpringerLink (Online service) 
773 0 |t Springer eBooks 
776 0 8 |i Printed edition:  |z 9783319425498 
856 4 0 |u http://dx.doi.org/10.1007/978-3-319-42551-1  |z Full Text via HEAL-Link 
912 |a ZDB-2-SME 
950 |a Medicine (Springer-11650)